Neighbourhoods of Whitehorse on the Map - Statistics

General Stats
  • This quiz has been taken 61 times
  • The average score is 11 of 23
Answers on the Map
Answers color-coded by a green-red scale on the quiz's map according to % correct below.
 
Answer Stats
Neighbourhood % Correct
Downtown Whitehorse
91%
Riverdale
68%
Valleyview
64%
Whistle Bend
64%
Porter Creek
59%
Takhini
59%
Takhini Trailer Park
59%
Copper Ridge
55%
Hillcrest
55%
Crestview
45%
Arkell
41%
Ingram
41%
Logan
41%
McIntyre
41%
Granger
36%
Lobird Trailer Park
36%
Benchmark Trailer Park
32%
Canyon Crescent
32%
Mountainview Place
32%
Northland Trailer Park
32%
Raven's Ridge
27%
Forestview
23%
Kopper King-ProspectorTrailer Park
23%
No matching quizzes found
Score Distribution
Percent of People with Each Score
Percentile by Number Answered
Your Score History
You have not taken this quiz